[Event "Gran Canaria Joseito Memorial 30th"]
[Site "Gran Canaria"]
[Date "2012.09.02"]
[Round "6"]
[White "Mendoza Godoy, Jose Elias"]
[Black "Godoy Lujan, Silvia"]
[Result "1/2-1/2"]
[WhiteElo "1243"]
[BlackElo "1208"]
[PlyCount "37"]
[EventDate "2012.09.01"]
[EventType "swiss"]
[EventRounds "6"]
[EventCountry "ESP"]
[SourceTitle "CBM 150 Extra"]
[Source "ChessBase"]
[SourceDate "2012.10.19"]
[SourceVersion "1"]
[SourceVersionDate "2012.10.19"]
[SourceQuality "1"]

1. e4 e5 2. Nf3 Nc6 3. d3 Nf6 4. Bg5 Be7 5. Bxf6 Bxf6 6. Nc3 0-0 7. Be2 d6 8. Qd2 h6 9. 0-0-0 Nd4 10. Nxd4 exd4 11. Nd5 Bg5 12. f4 c6 13. Nb4 Bf6 14. Rhe1 Re8 15. e5 dxe5 16. fxe5 Rxe5 17. Bf3 Bg5 18. Rxe5 Bxd2+ 19. Rxd2 1/2-1/2

[Event "Gran Canaria Joseito Memorial 30th"]
[Site "Gran Canaria"]
[Date "2012.09.01"]
[Round "1"]
[White "Cruz Pino, Adrian"]
[Black "Mendoza Godoy, Jose Elias"]
[Result "1-0"]
[WhiteElo "1554"]
[BlackElo "1243"]
[PlyCount "57"]
[EventDate "2012.09.01"]
[EventType "swiss"]
[EventRounds "6"]
[EventCountry "ESP"]
[SourceTitle "CBM 150 Extra"]
[Source "ChessBase"]
[SourceDate "2012.10.19"]
[SourceVersion "1"]
[SourceVersionDate "2012.10.19"]
[SourceQuality "1"]

1. e4 e5 2. Qh5 Nf6 3. Qxe5+ Be7 4. Nc3 0-0 5. Qg3 Nc6 6. a3 Bd6 7. Qe3 Ng4 8. Qe2 Qg5 9. Nf3 Qf4 10. d4 Qf6 11. h3 Nh6 12. e5 Qe6 13. d5 Qe7 14. exd6 Qxe2+ 15. Bxe2 cxd6 16. dxc6 dxc6 17. Bxh6 gxh6 18. 0-0-0 Re8 19. Rxd6 Bf5 20. g4 Be4 21. Nxe4 Rxe4 22. Bd3 Rf4 23. Nh4 Rxf2 24. Rxh6 Kg7 25. g5 Rh8 26. Re1 Rf4 27. Nf5+ Kf8 28. Rd6 Rxf5 29. Bxf5 1-0